Alle Städte in NRW nach Buchstabe - R - Statistiken

Allgemein
  • Dieses Quiz wurde 151 mal gespielt
  • Das Durchschnittsergebnis liegt bei 12 aus 24
Antworten auf der Karte
Die Antworten werden auf der Karte rot bzw. grün angezeigt, abhängig davon wie oft sie richtig erraten wurden.
 
Antwortstatistiken
Name % Korrekt
Recklinghausen
87%
Remscheid
81%
Ratingen
78%
Rheine
78%
Rheda-Wiedenbrück
67%
Rheinberg
62%
Radevormwald
56%
Rees
56%
Rahden
51%
Rhede
50%
Rheinbach
49%
Raesfeld
47%
Rietberg
45%
Rösrath
45%
Rommerskirchen
43%
Ruppichteroth
38%
Recke
37%
Rheurdt
34%
Reken
33%
Rosendahl
33%
Rüthen
33%
Rödinghausen
28%
Roetgen
25%
Reichshof
24%
Keine übereinstimmenden Quizze gefunden
Verteilung der Resultate
Anzahl Personen mit jedem Resultat
Perzentil nach korrekt beantworteten Fragen
Ihre Resultats-Entwicklung
Sie haben dieses Quiz noch nicht gespielt